[Event "Quebec op U2300"]
[Site "Montreal"]
[Date "2007.??.??"]
[Round "4"]
[White "Caire, Francois"]
[Black "Valley, Michel"]
[Result "1/2-1/2"]
[WhiteElo "2275"]
[BlackElo "2040"]
[PlyCount "35"]
[EventDate "2007.07.20"]
[EventType "swiss"]
[EventRounds "9"]
[EventCountry "CAN"]
[SourceTitle "EXT 2010"]
[Source "ChessBase"]
[SourceDate "2010.11.25"]
[SourceVersion "1"]
[SourceVersionDate "2010.11.25"]
[SourceQuality "1"]

1. d4 Nf6 2. c4 g6 3. Nc3 Bg7 4. e4 d6 5. Bg5 0-0 6. Qd2 c5 7. d5 e6 8. dxe6 Bxe6 9. Nf3 a6 10. Rd1 Qa5 11. Nd5 Qxd2+ 12. Nxd2 Bxd5 13. exd5 Re8+ 14. Be2 Nbd7 15. Bf4 Ne5 16. 0-0 Re7 17. Bxe5 Rxe5 18. Bd3 1/2-1/2

[Event "Quebec City-ch"]
[Site "Quebec"]
[Date "2005.08.21"]
[Round "2"]
[White "Valley, Michel"]
[Black "Audet Bouchard, Nicolas"]
[Result "1/2-1/2"]
[WhiteElo "2002"]
[BlackElo "2146"]
[PlyCount "38"]
[EventDate "2005.08.20"]
[EventType "tourn"]
[EventRounds "7"]
[EventCountry "CAN"]
[SourceTitle "EXT 2007"]
[Source "ChessBase"]
[SourceDate "2006.11.23"]
[SourceVersion "1"]
[SourceVersionDate "2006.11.23"]
[SourceQuality "1"]

1. d4 Nf6 2. c4 e6 3. Nc3 Bb4 4. Qc2 d5 5. a3 Bxc3+ 6. Qxc3 Ne4 7. Qc2 Nc6 8. Nf3 e5 9. e3 Bf5 10. Bd3 exd4 11. exd4 Bg6 12. 0-0 0-0 13. Bf4 Re8 14. Bxc7 Nxd4 15. Nxd4 Qxc7 16. cxd5 Qe5 17. Nf3 Qxd5 18. Rad1 Rac8 19. Bxe4 Qxe4 1/2-1/2

[Event "Quebec Montcalm op 4th"]
[Site "Quebec"]
[Date "2005.02.03"]
[Round "4"]
[White "Marquis, Paul"]
[Black "Valley, Michel"]
[Result "0-1"]
[WhiteElo "1878"]
[BlackElo "1901"]
[PlyCount "76"]
[EventDate "2005.01.13"]
[EventType "swiss"]
[EventRounds "5"]
[EventCountry "CAN"]
[SourceTitle "EXT 2006"]
[Source "ChessBase"]
[SourceDate "2005.11.24"]
[SourceVersion "1"]
[SourceVersionDate "2005.11.24"]
[SourceQuality "1"]

1. e4 c5 2. Nc3 Nc6 3. g3 g6 4. Bg2 Bg7 5. d3 e6 6. f4 Nge7 7. Nf3 0-0 8. 0-0 d5 9. Ne2 e5 10. fxe5 dxe4 11. dxe4 Bg4 12. Be3 b6 13. c3 Bxf3 14. Bxf3 Nxe5 15. Nf4 Nc4 16. Qe2 Nxe3 17. Qxe3 Rb8 18. Rad1 Qe8 19. Nd5 Nxd5 20. Rxd5 Qa4 21. a3 Qb3 22. Qd2 Rb7 23. Bg4 Re7 24. Bd1 Qc4 25. Bc2 Qb5 26. Bd3 Qc6 27. Bb1 h5 28. Rd6 Qc7 29. Ba2 Bd4+ 30. Rxd4 cxd4 31. Qh6 Qd6 32. Rf5 dxc3 33. Rd5 Qf6 34. Rg5 Re6 35. Bxe6 Qxe6 36. bxc3 Qxe4 37. g4 Rd8 38. gxh5 Qe3+ 0-1

[Event "Quebec Montcalm op 2nd"]
[Site "Quebec"]
[Date "2005.??.??"]
[Round "2"]
[White "Caire, Francois"]
[Black "Valley, Michel"]
[Result "1/2-1/2"]
[WhiteElo "2248"]
[BlackElo "2021"]
[PlyCount "43"]
[EventDate "2005.11.10"]
[EventType "swiss"]
[EventRounds "5"]
[EventCountry "CAN"]
[SourceTitle "EXT 2007"]
[Source "ChessBase"]
[SourceDate "2006.11.23"]
[SourceVersion "1"]
[SourceVersionDate "2006.11.23"]
[SourceQuality "1"]

1. e4 c5 2. c3 Nf6 3. e5 Nd5 4. d4 cxd4 5. cxd4 Nc6 6. Nc3 Nxc3 7. bxc3 d6 8. f4 e6 9. Nf3 Be7 10. Bd3 0-0 11. 0-0 b6 12. Qe2 Bb7 13. Bd2 Rc8 14. Rae1 dxe5 15. fxe5 Na5 16. Qf2 Bd5 17. Qg3 g6 18. Bh6 Rxc3 19. Bxf8 Qxf8 20. Bb1 Ra3 21. Rc1 Qd8 22. Qf4 1/2-1/2

[Event "Quebec Montcalm op 1st"]
[Site "Quebec"]
[Date "2005.??.??"]
[Round "5"]
[White "Valley, Michel"]
[Black "Sauve, Richard"]
[Result "0-1"]
[WhiteElo "2032"]
[BlackElo "1835"]
[PlyCount "78"]
[EventDate "2005.09.25"]
[EventType "swiss"]
[EventRounds "5"]
[EventCountry "CAN"]
[SourceTitle "EXT 2007"]
[Source "ChessBase"]
[SourceDate "2006.11.23"]
[SourceVersion "1"]
[SourceVersionDate "2006.11.23"]
[SourceQuality "1"]

1. d4 e6 2. c4 Nf6 3. Nc3 Bb4 4. Qc2 0-0 5. a3 Bxc3+ 6. Qxc3 b6 7. f3 d5 8. e3 Bb7 9. Bd3 dxc4 10. Bxc4 Nbd7 11. Ne2 c5 12. 0-0 Rc8 13. dxc5 Nxc5 14. b4 Ncd7 15. Qd4 e5 16. Qh4 e4 17. Bb3 exf3 18. gxf3 Ne5 19. Nd4 Ng6 20. Qf2 Qd7 21. Bb2 Qh3 22. Qg3 Qxg3+ 23. hxg3 Ne5 24. Nf5 Nxf3+ 25. Rxf3 Bxf3 26. Ne7+ Kh8 27. Rf1 Rc7 28. Rxf3 Rxe7 29. Rxf6 Rxe3 30. Rxf7 Rxf7 31. Bxf7 Rxg3+ 32. Kf2 Rh3 33. Ke1 h5 34. Bd5 Kh7 35. Kf2 Kh6 36. a4 Rd3 37. Bc1+ g5 38. Bb7 Rd4 39. Ba3 Rd2+ 0-1

[Event "Quebec Montcalm op 2nd"]
[Site "Quebec"]
[Date "2004.11.11"]
[Round "5"]
[White "Valley, Michel"]
[Black "Sauve, Richard"]
[Result "0-1"]
[WhiteElo "1898"]
[BlackElo "1963"]
[PlyCount "52"]
[EventDate "2004.10.14"]
[EventType "swiss"]
[EventRounds "5"]
[EventCountry "CAN"]
[SourceTitle "EXT 2006"]
[Source "ChessBase"]
[SourceDate "2005.11.24"]
[SourceVersion "1"]
[SourceVersionDate "2005.11.24"]
[SourceQuality "1"]

1. d4 e6 2. c4 d5 3. Nf3 c6 4. Nc3 dxc4 5. a4 Bb4 6. e4 b5 7. Be2 Bb7 8. Qc2 a6 9. 0-0 Nf6 10. Bg5 h6 11. Bh4 Nbd7 12. Rfd1 Qb6 13. Nd2 0-0 14. e5 Nd5 15. Nde4 c5 16. dxc5 Bxc5 17. Nxc5 Nxc5 18. Nxd5 exd5 19. axb5 axb5 20. Bf3 Rxa1 21. Rxa1 Re8 22. Bg3 d4 23. Bg4 d3 24. Qd1 Ne4 25. Qe1 Nxg3 26. hxg3 Qd4 0-1

[Event "Charlesbourg op2"]
[Site "Charlesbourg"]
[Date "2004.08.02"]
[Round "3"]
[White "Boissinot, Claude"]
[Black "Valley, Michel"]
[Result "0-1"]
[WhiteElo "1582"]
[BlackElo "1874"]
[PlyCount "132"]
[EventDate "2004.07.??"]
[EventType "swiss"]
[EventRounds "5"]
[EventCountry "CAN"]
[SourceTitle "EXT 2006"]
[Source "ChessBase"]
[SourceDate "2005.11.24"]
[SourceVersion "1"]
[SourceVersionDate "2005.11.24"]
[SourceQuality "1"]

1. e4 c5 2. d4 cxd4 3. c3 d3 4. Bxd3 d6 5. Bc4 Nc6 6. Nf3 e6 7. 0-0 Be7 8. Qe2 Qc7 9. h3 Nf6 10. Rd1 0-0 11. Nbd2 a6 12. a3 b5 13. Ba2 Bb7 14. Nf1 Rad8 15. Ng3 h6 16. Be3 Rfe8 17. Rac1 d5 18. exd5 exd5 19. Nf5 Bf8 20. Qc2 Ne7 21. Bd4 Ne4 22. Nxe7+ Rxe7 23. Bb1 Bc8 24. Nh2 Bf5 25. Qb3 Be6 26. Rd3 Nc5 27. Bxc5 Qxc5 28. Rg3 d4 29. Qc2 d3 30. Qd2 Bf5 31. Re3 Rxe3 32. fxe3 Qd5 33. Rf1 Bc5 34. Re1 Re8 35. Nf1 Re5 36. Kh2 Bd6 37. Kg1 Bxh3 38. Bxd3 Bxg2 39. e4 Bxe4 40. Bxe4 Rg5+ 41. Kh1 Rh5+ 42. Kg2 Qxd2+ 43. Nxd2 Rh2+ 44. Kf3 Rxd2 45. Bb7 Rxb2 46. Bxa6 Rb3 47. Re3 Bxa3 48. Ke4 b4 49. c4 Rxe3+ 50. Kxe3 b3 51. Bb7 Kf8 52. Be4 Ke7 53. Kd4 Bb2+ 54. Kd5 g5 55. c5 Bc1 56. c6 Bf4 57. Kc4 b2 58. Kb3 Bc1 59. Kc4 Kd6 60. Kc3 g4 61. Kc2 g3 62. Bg2 h5 63. Bf3 h4 64. Bg2 f5 65. Kb1 f4 66. Kc2 f3 0-1

[Event "Charlesbourg Alekhine op"]
[Site "Charlesbourg"]
[Date "2004.??.??"]
[Round "?"]
[White "Valley, Michel"]
[Black "Bonneau, Daniel"]
[Result "0-1"]
[WhiteElo "1834"]
[BlackElo "1962"]
[PlyCount "80"]
[EventDate "2004.09.06"]
[EventType "swiss"]
[EventRounds "5"]
[EventCountry "CAN"]
[SourceTitle "EXT 2006"]
[Source "ChessBase"]
[SourceDate "2005.11.24"]
[SourceVersion "1"]
[SourceVersionDate "2005.11.24"]
[SourceQuality "1"]

1. c4 Nf6 2. Nc3 e5 3. Nf3 d6 4. g3 g6 5. Bg2 Bg7 6. 0-0 0-0 7. d4 Nc6 8. d5 Ne7 9. e4 Nd7 10. Ne1 f5 11. Nd3 Nf6 12. f3 b6 13. b4 a5 14. Bg5 axb4 15. Nxb4 h6 16. Bxf6 Bxf6 17. Qb3 Kg7 18. a4 Ra5 19. Qc2 g5 20. Ne2 f4 21. g4 Bd7 22. Ra2 h5 23. h3 hxg4 24. hxg4 Rh8 25. Rfa1 Rh7 26. Nc1 Qh8 27. Nb3 Ra8 28. a5 bxa5 29. Nxa5 Rh2 30. Qc3 Qh4 31. Qe1 Qh7 32. Rf2 Rh8 33. Kf1 Ng6 34. Ke2 Nh4 35. Qg1 Nxg2 36. Rxg2 Bxg4 37. Kd3 Bxf3 38. Rxg5+ Bxg5 39. Qxg5+ Kf7 40. Nac6 Bxe4+ 0-1